The history of Tom Jones / (Record no. 190882)
[ view plain ]
| 000 -LEADER | |
|---|---|
| fixed length control field | 00418 a2200157 4500 |
| 003 - CONTROL NUMBER IDENTIFIER | |
| control field | Nust |
| 005 - DATE AND TIME OF LATEST TRANSACTION | |
| control field | 20230329124923.0 |
| 040 ## - CATALOGING SOURCE | |
| Transcribing agency | Nust |
| 082 ## - DEWEY DECIMAL CLASSIFICATION NUMBER | |
| Classification number | 800,FIE |
| 100 ## - MAIN ENTRY--PERSONAL NAME | |
| Personal name | Fielding, Henry |
| 9 (RLIN) | 57809 |
| 245 ## - TITLE STATEMENT | |
| Title | The history of Tom Jones / |
| Statement of responsibility, etc. | Henry Filding |
| 260 ## - PUBLICATION, DISTRIBUTION, ETC. | |
| Place of publication, distribution, etc. | Chicago, |
| Name of publisher, distributor, etc. | Encyclopaedia Brittannica |
| Date of publication, distribution, etc. | 1945 |
| 300 ## - PHYSICAL DESCRIPTION | |
| Extent | xv, 413 p. |
| Other physical details | 25 cm |
| 650 ## - SUBJECT ADDED ENTRY--TOPICAL TERM | |
| Topical term or geographic name entry element | Identity (Psychology) --Fiction. |
| 9 (RLIN) | 111562 |
| 942 ## - ADDED ENTRY ELEMENTS (KOHA) | |
| Source of classification or shelving scheme | |
| Koha item type | Book |
| Withdrawn status | Lost status | Source of classification or shelving scheme | Damaged status | Not for loan | Permanent Location | Current Location | Shelving location | Date acquired | Full call number | Barcode | Date last seen | Price effective from | Koha item type | Public note |
|---|---|---|---|---|---|---|---|---|---|---|---|---|---|---|
| Military College of Signals (MCS) | Military College of Signals (MCS) | General Stacks | 12/12/2016 | 800,FIE | MCS30078 | 12/08/2016 | 12/12/2016 | Book | Almirah No.75, Shelf No.3 |
